Szeged-Alsóváros demográfiai viszonyai (1789-1848)
Elmentve itt :
| Szerző: | |
|---|---|
| További közreműködők: | |
| Dokumentumtípus: | Szakdolgozat |
| Megjelent: |
1983
|
| Tárgyszavak: | |
| Online Access: | http://diploma.bibl.u-szeged.hu/89153 |
| LEADER | 00589nta a2200169 i 4500 | ||
|---|---|---|---|
| 001 | dipl89153 | ||
| 005 | 20200911083705.0 | ||
| 008 | 200908s1983 hu om 0|| zxx d | ||
| 040 | |a SZTE Diploma Repozitórium |b hun | ||
| 041 | |a zxx | ||
| 100 | 1 | |a Seres Katalin | |
| 245 | 1 | 0 | |a Szeged-Alsóváros demográfiai viszonyai (1789-1848) |h [elektronikus dokumentum] / |c Katalin Seres |
| 260 | |c 1983 | ||
| 650 | 4 | |a Bölcsészettudományok | |
| 650 | 4 | |a Historical demography | |
| 700 | 1 | |a Kováts Zoltán |e ths | |
| 856 | 4 | 0 | |u http://diploma.bibl.u-szeged.hu/id/eprint/89153/1/1983_seres_katalin.pdf |z Dokumentum-elérés |